[Event "OT Richard Sutton Trophy 2015"]
[Site "Dunedin NZL"]
[Date "2015.11.25"]
[Round "5.3"]
[White "Gold, Hamish R"]
[Black "Tamimi, Naser"]
[Result "0-1"]
[WhiteElo "1857"]
[BlackElo "1526"]
[EventDate "2015.10.28"]
[PlyCount "62"]

1.d4 d5 2.Nf3 Bf5 3.Bf4 Nf6 4.e3 a6 5.Bd3 Be4 6.O-O e6 7.a4 Be7 8.Nc3 Bxd3
9.Qxd3 Nh5 10.Rae1 Nxf4 11.exf4 O-O 12.Ne5 c5 13.dxc5 Bxc5 14.f5 Qb6 15.f6
gxf6 16.Ng4 Nd7 17.Qg3 Kh8 18.Qh4 f5 19.Nh6 Qxb2 20.Ne2 Qf6 21.Qf4 Kg7 22.
Qc7 Rfd8 23.Rd1 Qxh6 24.Rd3 b6 25.Rh3 Qf6 26.Qg3+ Qg6 27.Qh4 Bd6 28.f4 Kh8
29.Rff3 Bc5+ 30.Kh1 Qg7 31.Rhg3 Qa1+ 0-1

[Event "OT Richard Sutton Trophy 2015"]
[Site "Dunedin NZL"]
[Date "2015.11.25"]
[Round "5.4"]
[White "Armstrong, John F"]
[Black "Johnson, Quentin J F"]
[Result "0-1"]
[WhiteElo "1441"]
[BlackElo "2195"]
[EventDate "2015.10.28"]
[PlyCount "100"]

1.b3 d5 2.Bb2 Bg4 3.Ba3 Nf6 4.f3 Bf5 5.d4 g6 6.e3 Bh6 7.Bc1 O-O 8.Bd3 c5 
9.Bxf5 gxf5 10.Bd2 cxd4 11.exd4 Bg7 12.Ne2 Nc6 13.c3 Qb6 14.Qc2 e6 15.Bf4 
Rac8 16.a3 Nxd4 17.Nxd4 Qxd4 18.Qd2 Qb6 19.b4 a5 20.Bh6 Bxh6 21.Qxh6 Ne8 
22.Ra2 d4 23.Rc2 axb4 24.axb4 dxc3 25.Qc1 Qxb4 26.O-O Ng7 27.Rxc3 Rxc3 28.
Qxc3 Qxc3 29.Nxc3 Rc8 30.Nb5 Ne8 31.Rb1 Rb8 32.Na7 Nd6 33.Nc6 Ra8 34.Ne5 
b5 35.Nc6 Ra2 36.Nd4 Ra5 37.Nc6 Ra4 38.h3 Kg7 39.Kh2 Kf6 40.Kg3 Rc4 41.Na5
Rc5 42.Rb4 e5 43.Nb3 Rc4 44.Rxc4 bxc4 45.Nc1 Nb5 46.Kf2 f4 47.Ke2 Kg5 48.
Kd2 Kh4 49.Ne2 f5 50.Kc2 Nd4+ 0-1

[Event "OT Richard Sutton Trophy 2015"]
[Site "Dunedin NZL"]
[Date "2015.11.25"]
[Round "5.5"]
[White "Reid, David M"]
[Black "Jellyman, Riley"]
[Result "0-1"]
[WhiteElo "1690"]
[BlackElo "1571"]
[EventDate "2015.10.28"]
[PlyCount "62"]

1.d4 Nf6 2.c4 e6 3.Nc3 Bb4 4.Qc2 c5 5.Nf3 d5 6.e3 cxd4 7.exd4 O-O 8.Be2 
Qc7 9.c5 b6 10.a3 Bxc3+ 11.Qxc3 Ne4 12.Qb3 bxc5 13.dxc5 Nd7 14.Be3 Ndxc5 
15.Qd1 Bd7 16.O-O Qd6 17.b4 Na4 18.Bd4 Nac3 19.Bxc3 Nxc3 20.Qd3 Nxe2+ 21.
Qxe2 a5 22.Qb2 Rfb8 23.Qe5 Qxe5 24.Nxe5 Bb5 25.Rfc1 f6 26.Nc6 Bxc6 27.Rxc6
axb4 28.a4 b3 29.Rb1 Rxa4 30.Rcc1 b2 31.Rc2 Ra1 0-1

[Event "OT Richard Sutton Trophy 2015"]
[Site "Dunedin NZL"]
[Date "2015.12.02"]
[Round "6.1"]
[White "Tamimi, Naser"]
[Black "Sutherland, John L"]
[Result "0-1"]
[WhiteElo "1526"]
[BlackElo "2214"]
[EventDate "2015.10.28"]
[PlyCount "72"]

1.e4 c5 2.Nf3 Nc6 3.Bc4 e6 4.d4 cxd4 5.Nxd4 Nf6 6.Bg5 Qa5+ 7.Bd2 Qe5 8.Be3
Nxd4 9.Bxd4 Qxe4+ 10.Be2 Qxg2 11.Bf3 Qg5 12.Nc3 a6 13.Qd3 d5 14.h4 Qf4 15.
Ne2 Qc7 16.Rc1 Bc5 17.Qc3 Bd6 18.Bxf6 gxf6 19.Qxf6 Be5 20.Qh6 Bxb2 21.Rd1 
Bd7 22.Rd2 Qe5 23.Rd3 Qf6 24.Qe3 O-O 25.Nf4 Rac8 26.Nh5 Qe5 27.Rg1+ Kh8 
28.Kd2 Qxe3+ 29.Rxe3 Ba4 30.c3 d4 31.Re4 dxc3+ 32.Ke3 Bc6 33.Rg7 c2 34.Rc4
Bxf3 35.Rxc8 Rxc8 36.Rxf7 Bxh5 0-1

[Event "OT Richard Sutton Trophy 2015"]
[Site "Dunedin NZL"]
[Date "2015.12.02"]
[Round "6.2"]
[White "Aimers, Geoffrey"]
[Black "Nicholls, Leighton"]
[Result "1/2-1/2"]
[WhiteElo "1837"]
[BlackElo "1934"]
[EventDate "2015.10.28"]
[PlyCount "73"]

1.e4 e5 2.Nf3 Nc6 3.Bb5 a6 4.Ba4 Nf6 5.O-O Be7 6.Re1 b5 7.Bb3 d6 8.c3 Na5 
9.Bc2 c5 10.h3 O-O 11.d4 Qc7 12.d5 Bd7 13.Nbd2 Rfb8 14.Nf1 b4 15.Ne3 bxc3 
16.bxc3 Bb5 17.a4 Bd7 18.c4 Rb7 19.Bd2 Rab8 20.Ra3 g6 21.Bc3 Nh5 22.Nd2 
Nf4 23.f3 Rf8 24.Ng4 Rbb8 25.Kh2 f5 26.exf5 gxf5 27.Nf2 Nb7 28.g3 Ng6 29.
f4 exf4 30.gxf4 Rbe8 31.Qh5 Qd8 32.Rg1 Bf6 33.Rxg6+ hxg6 34.Qxg6+ Kh8 35.
Qh6+ Kg8 36.Qg6+ Kh8 37.Qh6+ 1/2-1/2

[Event "OT Richard Sutton Trophy 2015"]
[Site "Dunedin NZL"]
[Date "2015.12.02"]
[Round "6.3"]
[White "Johnson, Quentin J F"]
[Black "Gold, Hamish R"]
[Result "1-0"]
[WhiteElo "2195"]
[BlackElo "1857"]
[EventDate "2015.10.28"]
[PlyCount "41"]

1.d4 Nf6 2.c4 c5 3.e3 g6 4.Nc3 Bg7 5.Nf3 O-O 6.Bd3 d5 7.O-O cxd4 8.exd4 
Nc6 9.h3 Nb4 10.Be2 dxc4 11.Bxc4 Bf5 12.a3 Rc8 13.Bxf7+ Rxf7 14.axb4 Qb6 
15.Qb3 Bd3 16.Ne5 e6 17.Nxd3 Qxd4 18.Nc5 e5 19.Be3 Qh4 20.Rxa7 Rc7 21.Ne6 
1-0

[Event "OT Richard Sutton Trophy 2015"]
[Site "Dunedin NZL"]
[Date "2015.12.02"]
[Round "6.4"]
[White "Jellyman, Riley"]
[Black "Southgate, Brent"]
[Result "1-0"]
[WhiteElo "1571"]
[BlackElo "1779"]
[EventDate "2015.10.28"]
[PlyCount "53"]

1.c4 c6 2.d4 d5 3.cxd5 cxd5 4.Nf3 Nf6 5.e3 a6 6.Be2 Nc6 7.Nc3 e6 8.O-O Bb4
9.Qc2 O-O 10.Rd1 Bxc3 11.bxc3 Bd7 12.Rb1 Na5 13.Bd3 Rc8 14.Ng5 h6 15.Nh7 
Nxh7 16.Bxh7+ Kh8 17.Bd3 Qc7 18.Ba3 Rfe8 19.Rdc1 Nc4 20.Bc5 b5 21.Bxc4 
dxc4 22.Qb2 e5 23.Qa3 Bf5 24.Qxa6 Bxb1 25.Rxb1 exd4 26.Bxd4 Ra8 27.Qxh6+ 
1-0

[Event "OT Richard Sutton Trophy 2015"]
[Site "Dunedin NZL"]
[Date "2015.12.02"]
[Round "6.5"]
[White "Reid, David M"]
[Black "Armstrong, John F"]
[Result "0-1"]
[WhiteElo "1690"]
[BlackElo "1441"]
[EventDate "2015.10.28"]
[PlyCount "126"]

1.e4 d5 2.exd5 Qxd5 3.Nc3 Qa5 4.d4 c6 5.Nf3 Bg4 6.Be2 e6 7.O-O Nf6 8.Bd2 
Qc7 9.h3 Bh5 10.Ne5 Bxe2 11.Nxe2 Nbd7 12.Nxd7 Qxd7 13.c3 h6 14.Nf4 Nd5 15.
Nd3 Bd6 16.f4 O-O-O 17.c4 Nc7 18.c5 Bxc5 19.dxc5 Qxd3 20.Rf2 Qd4 21.Qc2 f6
22.Kf1 Qd3+ 23.Qxd3 Rxd3 24.b4 Rhd8 25.Ke1 Nb5 26.a4 Nc7 27.Re2 e5 28.fxe5
fxe5 29.Ra2 Re8 30.Re4 Rd4 31.Rxd4 exd4+ 32.Kf2 d3 33.Kf3 Re2 34.Rb2 Nd5 
35.g4 Nxb4 36.Rxb4 Rxd2 37.Ke3 Rd1 38.Rd4 Rh1 39.Kxd3 Rxh3+ 40.Ke4 Rc3 41.
Kf5 Rxc5+ 42.Kg6 Rg5+ 43.Kf7 Kc7 44.a5 b6 45.axb6+ axb6 46.Ke6 Rd5 47.Rf4 
Rd6+ 48.Ke5 b5 49.Rf7+ Rd7 50.Rf4 Re7+ 51.Kd4 Kb6 52.Kc3 c5 53.Kb3 Re3+ 
54.Kc2 b4 55.Kd2 Re7 56.Kd3 Kb5 57.Kc2 Re6 58.Rf7 g6 59.Kd3 c4+ 60.Kd4 c3 
61.Rf2 Rd6+ 62.Ke5 Rd2 63.Rf4 c2 0-1

[Event "OT Richard Sutton Trophy 2015"]
[Site "Dunedin NZL"]
[Date "2015.12.02"]
[Round "6.6"]
[White "Lau, Ryan"]
[Black "Lough, Max"]
[Result "0-1"]
[WhiteElo "1068"]
[BlackElo "1460"]
[EventDate "2015.10.28"]
[PlyCount "92"]

1.e4 e5 2.d4 exd4 3.Qxd4 Nc6 4.Qa4 Bc5 5.Nc3 Nge7 6.Nf3 O-O 7.Bd2 d6 8.
O-O-O Bd7 9.Bb5 a6 10.Bxc6 Bxc6 11.Qb3 Ng6 12.Bg5 Qd7 13.Nd5 Rae8 14.Rhe1 
Ne5 15.Bf6 Bxd5 16.exd5 gxf6 17.Nxe5 fxe5 18.Qg3+ Kh8 19.Re4 Rg8 20.Qh4 
Rg7 21.Rde1 Reg8 22.f4 Rxg2 23.fxe5 Bf2 24.Qf6+ R8g7 25.e6 fxe6 26.dxe6 
Qe7 27.Rf4 Qxf6 28.Rxf6 Bxe1 29.Rf8+ Rg8 30.Rf7 Re2 31.e7 Bh4 32.Rf8 Bxe7 
33.Rxg8+ Kxg8 34.Kd1 Rxh2 35.a4 Rf2 36.b3 h5 37.Kc1 h4 38.Kb2 h3 39.Ka3 h2
40.Kb2 h1=Q 41.Kc3 c5 42.Kd3 Rf4 43.Kc3 Qh3+ 44.Kb2 Bf6+ 45.Kc1 Rf2 46.Kd1
Qh1# 0-1